000 00340nam a22001217a 4500
008 160314b xxu||||| |||| 00| 0 eng d
020 _a0203599486
245 _aEast African Education Directory
250 _a2014
260 _bQuality schools $ corporate uniforms
_c2014
300 _a351p.
_bill.
942 _2lcc
_cREF
_kL971 .A35E27 2014 C.1
999 _c15770
_d15770